Economics of environment and development (Record no. 441018)

000 -LEADER
fixed length control field 00379cam a22001337a 4500
008 - FIXED-LENGTH DATA ELEMENTS--GENERAL INFORMATION
fixed length control field 180718b2009 xxu||||| |||| 00| 0 eng d
020 ## - INTERNATIONAL STANDARD BOOK NUMBER
International Standard Book Number 8180520579
082 ## - DEWEY DECIMAL CLASSIFICATION NUMBER
Classification number O91 P979
245 ## - TITLE STATEMENT
Title Economics of environment and development
Statement of responsibility, etc. edited by Pushpam Kumar
260 ## - PUBLICATION, DISTRIBUTION, ETC.
Place of publication, distribution, etc. New Delhi
Name of publisher, distributor, etc. Ane Books
Date of publication, distribution, etc. 2009
300 ## - PHYSICAL DESCRIPTION
Extent 340p.
650 ## - SUBJECT ADDED ENTRY--TOPICAL TERM
Topical term or geographic name entry element Environmental economics
700 ## - ADDED ENTRY--PERSONAL NAME
Personal name Pushpam, Kumar
Holdings
Withdrawn status Lost status Damaged status Not for loan Permanent Location Current Location Date acquired Full call number Barcode Date last seen Price effective from Koha item type
        Indian Institute of Public Administration Indian Institute of Public Administration 2010-09-07 O91 P979 83985 2018-07-21 2018-07-21 Book

Powered by Koha